Análisis comparativo de tecnologías para el tratamiento colectivo de las aguas residuales en poblaciones menores a 5000 habitantes equivalentes en Costa Rica
Gorde:
| Egile nagusia: | |
|---|---|
| Formatua: | Liburua |
| Hizkuntza: | Spanish |
| Argitaratua: |
[San José , Costa Rica]
2017
|
| Gaiak: | |
| Etiketak: |
Etiketa erantsi
Etiketarik gabe, Izan zaitez lehena erregistro honi etiketa jartzen!
|
MARC
| LEADER | 00000nam a22000007a 4500 | ||
|---|---|---|---|
| 003 | 012770 | ||
| 005 | 20221231144244.0 | ||
| 008 | 171019b2017 CR a|||| |m|| 00| ||spa d | ||
| 040 | |c cru CEDI | ||
| 090 | |a TFG 7921 | ||
| 100 | |9 10177 |a Murillo Marín, Adrían | ||
| 245 | |a Análisis comparativo de tecnologías para el tratamiento colectivo de las aguas residuales en poblaciones menores a 5000 habitantes equivalentes en Costa Rica | ||
| 260 | |a [San José , Costa Rica] |c 2017 | ||
| 300 | |a xiv, 143, XVI hojas ; ilustraciones a color | ||
| 500 | |a Proyecto de graduación (licenciatura en ingeniería civil)--Universidad de Costa Rica. Facultad de Ingeniería. Escuela de Ingeniería Civil | ||
| 650 | |x PURIFICACION DE AGUAS RESIDUALES |x PLANTAS PARA TRATAMIENTO DE AGUAS RESIDUALES |x HUMEDALES |x FILTRACION |x ANALISIS DE AGUAS RESIDUALES |x AGUAS RESIDUALES -- TRATAMIENTO POR PROCESO DE LODO ACTIVADO |x SANEAMIENTO |9 10178 | ||
| 942 | |c TFG | ||
| 999 | |c 19142 |d 19142 | ||
